000 00994nam a22002297a 4500
005 20240530110339.0
008 141028s2010 le d gr 001 0 ara d
020 _a9789953823478
040 _aEG-CaGPL
082 0 4 _221
_a324.25569\
_bع ت
100 0 _aعبدالقادر عبدالعالى
245 1 2 _aالتصدعات الاجتماعية :
_bوتاثيرها فى النظام الحزبى الاسرائيلى /
_cعبدالقادر عبدالعالى
260 _aبيروت :
_bمركز دراسات الوحدة العربية ،
_c2010
300 _a415 ص ؛
_c24 سم
490 _aسلسلة اطروحات الدكتوراه ؛
_v89
504 _aببليوجرافية : ص 363 - 393
651 0 4 _aاسرائيل
_xالاحزاب السياسية
651 0 4 _aاسرائيل
_xالاحوال الاجتماعية
651 0 4 _aاسرائيل
_xالوضع الدولى
942 _2ddc
_cBK
999 _c59845
_d59845